| 000 | 00800nam a2200241 a 4500 | ||
|---|---|---|---|
| 001 | 26647 | ||
| 003 | BD-RjUL | ||
| 005 | 20211209051040.0 | ||
| 008 | 140323s1962 enk b 001 0 eng d | ||
| 035 | _a(BD-RjUL)26717 | ||
| 040 |
_aNUN _beng _cNUN _dBD-RjUL |
||
| 041 | _aeng | ||
| 082 | 0 | 4 |
_a956.072 _223 _bHIS 1962 |
| 245 | 0 | 0 |
_aHistorians of the Middle East / _ced. by Bernard Lewis and P.M. Holt. |
| 260 |
_aLondon : _bOxford University Press, _cc1962. |
||
| 300 |
_axi, 519 p. ; _c25 cm. |
||
| 504 | _aIncludes bibliographical references and index. | ||
| 650 |
_aMiddle East _9165065 _v History _xHistoriography. |
||
| 700 | 1 |
_aLewis, Bernard, _d1916- _970535 |
|
| 700 | 1 |
_aHolt, P. M. _q(Peter Malcolm) _981882 |
|
| 942 |
_2ddc _cBK |
||
| 999 |
_c26647 _d26647 |
||